100 Greatest Rappers Of All Time (not in order) - Statistics

General Stats
  • This quiz has been taken 176 times
  • The average score is 32 of 100
Answer Stats
Hint Answer % Correct
16 Eminem
88%
5 2pac
85%
23 Ice Cube
84%
8 Biggie
82%
50 Drake
82%
7 Jay-Z
77%
2 Kanye West
77%
1 Kendrick Lamar
77%
19 Snoop Dogg
77%
57 Dr Dre
76%
44 Lil Wayne
74%
6 Nas
70%
52 50 Cent
65%
24 Eazy E
61%
81 Travis Scott
58%
43 Nicki Minaj
55%
53 Andre 3000
52%
80 Future
49%
62 ASAP Rocky
47%
3 MF DOOM
45%
58 Rakim
44%
9 GZA
40%
54 Tyler, The Creator
40%
27 Lauryn Hill
39%
61 DMX
38%
49 LL Cool J
38%
15 Method Man
38%
13 Raekwon
38%
12 RZA
38%
14 Ghostface Killah
37%
30 Pusha T
36%
83 Mac Miller
34%
34 Big L
33%
33 Lil Kim
33%
95 Kid Cudi
32%
48 Ludacris
32%
59 The Game
32%
51 T.I.
32%
85 Big Boi
31%
67 Big Pun
31%
70 Common
31%
68 Redman
31%
77 Ice-T
30%
32 Nate Dogg
29%
22 Puff Daddy
29%
17 Q-Tip
29%
71 Rick Ross
29%
40 Mos Def
28%
69 Scarface
28%
56 Black Thought
27%
39 Busta Rhymes
27%
25 Big Daddy Kane
26%
76 Joey Badass
25%
38 MC Ren
25%
18 Ol' Dirty Bastard
23%
65 Slick Rick
23%
79 Chance The Rapper
22%
98 Denzel Curry
22%
66 KRS-one
22%
64 Prodigy
22%
78 Queen Latifah
22%
82 Fat Joe
21%
75 Warren G
21%
29 AZ
20%
45 Jadakiss
20%
42 ScHoolboy Q
20%
100 Big Sean
19%
4 Earl Sweatshirt
19%
20 Freddie Gibbs
19%
97 Childish Gambino
18%
10 Danny Brown
18%
37 Killer Mike
18%
55 Royce Da 5'9
18%
41 Talib Kweli
18%
87 Xzibit
17%
90 Ab-Soul
16%
74 Aesop Rock
16%
31 Jay Rock
16%
99 JPEGMAFIA
16%
46 E-40
15%
92 Proof
15%
72 Twista
15%
63 Grandmaster Flash
14%
88 Vince Staples
14%
89 Will Smith
14%
60 Juicy J
13%
93 Nipsey Hussle
13%
47 El-P
12%
21 Styles P
12%
84 Too Short
12%
96 Big KRIT
11%
35 Cam'Ron
11%
28 MC Lyte
11%
94 YG
11%
73 DMC
8%
86 Action Bronson
7%
11 J Dilla
7%
36 Master P
7%
91 Consequence
5%
26 MC Eight
0%
No matching quizzes found
Score Distribution
Percent of People with Each Score
Percentile by Number Answered
Your Score History
You have not taken this quiz